| 000 | 00549 a2200181 4500 | ||
|---|---|---|---|
| 020 | _a0070527660 | ||
| 020 | _a9780070527669 | ||
| 082 | _a516 | ||
| 090 |
_c1165 _d1165 |
||
| 100 | 1 | _aRich, Barnett. | |
| 245 | 1 | 0 |
_aSchaum's outline of geometry / _cBarnett Rich. |
| 250 | _a3rd ed. | ||
| 260 |
_a[S.l.] : _bMcGraw-Hill, _c2000. |
||
| 300 |
_a367 p. ; _c28 cm. |
||
| 700 | _aRich, Barnett. | ||
| 942 |
_aSNS _cBK _k516 RIC |
||
| 999 |
_c29778 _d29778 |
||